England & Wales (Record no. 114635)

MARC details
000 -LEADER
fixed length control field 00941cam a22001935a 4500
001 - CONTROL NUMBER
control field L157160
008 - FIXED-LENGTH DATA ELEMENTS--GENERAL INFORMATION
fixed length control field 120911s1838 xxk f 000 0 eng d
035 ## - SYSTEM CONTROL NUMBER
System control number (Sirsi) u157160
041 0# - LANGUAGE CODE
Language code of text/sound track or separate title eng
110 2# - MAIN ENTRY--CORPORATE NAME
Corporate name or jurisdiction name as entry element J. & C. Walker
9 (RLIN) 6108
245 00 - TITLE STATEMENT
Title England & Wales
Remainder of title founded upon the grand trigonometrical survey, shewing all the mail coach, turnpike & rail roads, the rivers & navigable canals, also the boundaries & divisions of counties, boroughs, county election & polling places, under the Reform Act together with the sand banks & soundings round the coast
260 ## - PUBLICATION, DISTRIBUTION, ETC.
Place of publication, distribution, etc. London
Name of publisher, distributor, etc. J. & C. Walker
Date of publication, distribution, etc. 1838
300 ## - PHYSICAL DESCRIPTION
Extent 1 map
Other physical details col., mounted on linen
Dimensions 134 x 106 cm. folded to 26 x 18 cm., in slip case
520 ## - SUMMARY, ETC.
Summary, etc. Cover title: Walker's Map of England, Wales, and the Southern Part of Scotland.
583 ## - ACTION NOTE
Action Condition reviewed
Time/date of action 20120620
Status condition level 2
651 #4 - SUBJECT ADDED ENTRY--GEOGRAPHIC NAME
Geographic name England and Wales
Chronological subdivision 1543-
690 ## - LOCAL SUBJECT ADDED ENTRY--TOPICAL TERM (OCLC, RLIN)
Topical term or geographic name as entry element Geomatics
9 (RLIN) 6242
942 ## - ADDED ENTRY ELEMENTS (KOHA)
Suppress in OPAC 0
Holdings
Withdrawn status Lost status Source of classification or shelving scheme Damaged status Not for loan Home library Current library Shelving location Date acquired Total Checkouts Full call number Barcode Date last seen Copy number Price effective from Koha item type
    Dewey Decimal Classification     Historic collection Historic collection Historic collection 11/09/2012   MAP 1838 WALKER 30077076 06/08/2019 1 06/08/2019 Book